Statistics for Can you name all “stan” countries in 30 seconds?

Click here to take the quiz!

General Stats

  • This quiz has been taken 52 times
  • The average score is 5 of 7

Answer Stats

“Stan” Countries% Correct
Pakistan
87%
Kazakhstan
85%
Uzbekistan
85%
Kyrgyzstan
77%
Turkmenistan
77%
Tajikistan
67%
Afghanistan
62%

Score Distribution

Percentile by Number Answered

Percent of People with Each Score

Your Score History

You have not taken this quiz